Trajectories of physical aggression from toddlerhood ti middle childhood: predictors, correlates, and outcomes

Saved in:
Bibliographic Details
Corporate Author: NICHD Early Child Care Research Network (Author)
Format: Book
Language:English
Published: Boston Blackwell 2004
Series:Monographs of the Society for Research in Child Development, 278
Subjects:
Tags: Add Tag
No Tags, Be the first to tag this record!

MARC

LEADER 00000nam a2200000 a 4500
001 UCK4073
003 CL-VaPUC
008 050520e20040000US |||||||||||||||||eng|d
082 0 4 |a 362.8292  |b NIC  |2 21 
110 2 |a NICHD Early Child Care Research Network  |e author  |9 492461 
245 1 0 |a Trajectories of physical aggression from toddlerhood ti middle childhood: predictors, correlates, and outcomes 
300 |a 146 p 
942 |c BK 
945 |d 20050520 00:00:00  |a cmena 
260 |a Boston  |b Blackwell  |c 2004 
650 0 |a Maltrato infantil  |9 324690 
650 0 |a Problemas sociales  |9 258537 
650 0 |a Protección de menores  |9 334116 
650 0 |a Violencia intrafamiliar  |9 312986 
650 0 |a Agresividad  |9 257862 
583 |a last modification  |c 20050520 00:00:00  |k Rodrigo Vera 
490 0 |a Monographs of the Society for Research in Child Development, 278 
999 |c 313046  |d 313044 
952 |0 0  |1 0  |4 0  |6 362_829200000000000_NIC_2004  |7 0  |8 A  |9 384104  |a BIBGIM  |b BIBGIM  |d 2019-11-22  |i 4094581  |o 362.8292 NIC 2004  |p 4094581  |r 2025-01-15  |w 2019-11-22  |y BK  |k SSL